ბათუმის შოთა რუსთაველის სახელმწიფო უნივერსიტეტის ბიბლიოთეკა

THE LADY AND THE UNICORN. (ბიბ.ჩანაწერი № 46471)

000 -LEADER
fixed length control field 00450nam a2200193Ia 4500
001 - CONTROL NUMBER
control field 13309
003 - CONTROL NUMBER IDENTIFIER
control field GE_BSU
008 - FIXED-LENGTH DATA ELEMENTS--GENERAL INFORMATION
fixed length control field 181216s||||||||xx |||||||||||||| ||und||
040 ## - CATALOGING SOURCE
Transcribing agency GE_BSU
080 ## - UNIVERSAL DECIMAL CLASSIFICATION NUMBER
Universal Decimal Classification number 821.111-32
100 ## - MAIN ENTRY--PERSONAL NAME
Personal name CHEVALIER,TRACY.
245 #4 - TITLE STATEMENT
Title THE LADY AND THE UNICORN.
260 ## - PUBLICATION, DISTRIBUTION, ETC.
Place of publication, distribution, etc. LONDON.
260 ## - PUBLICATION, DISTRIBUTION, ETC.
Name of publisher, distributor, etc. QPD QUALITY PAPERBACKS DIRECT.
260 ## - PUBLICATION, DISTRIBUTION, ETC.
Date of publication, distribution, etc. 2003
300 ## - PHYSICAL DESCRIPTION
Extent 278P;22CM.
653 ## - INDEX TERM--UNCONTROLLED
Uncontrolled term THE LADY AND THE UNICORN.
942 ## - ADDED ENTRY ELEMENTS (KOHA)
Koha item type წიგნი
ეგზემპლარები
Withdrawn status Lost status Damaged status Not for loan Date acquired Barcode Date last seen Price effective from Koha item type
        2018-12-17 36520 2018-12-17 2018-12-17 წიგნი